Pracovnoprávny vzťah zamestnanca sa nezmení Právne a ekonomické aspekty zamestnaneckých akciových spoločností v privatizácii

Privatizácia prostredníctvom tzv. zamestnaneckých akciových spoločností. Právne aspekty vzniku týchto spoločností a ich úspešnosť z hľadiska rozvoja ekonomiky.

Salvato in:
Dettagli Bibliografici
Autore principale: Boka, P.
Natura: Capitolo di libro
Lingua:slovacco
Soggetti:
Tags: Aggiungi Tag
Nessun Tag, puoi essere il primo ad aggiungerne!!

MARC

LEADER 00000naa a2200000 4500
001 r014143
005 20221213123506.8
041 0 |a slo 
044 |a SK 
245 1 0 |a Pracovnoprávny vzťah zamestnanca sa nezmení  |b Právne a ekonomické aspekty zamestnaneckých akciových spoločností v privatizácii  |c P. Boka 
520 |a Privatizácia prostredníctvom tzv. zamestnaneckých akciových spoločností. Právne aspekty vzniku týchto spoločností a ich úspešnosť z hľadiska rozvoja ekonomiky. 
610 2 0 |a spoločnosti akciové 
610 2 0 |a zamestnanci 
610 2 0 |a právo pracovné 
610 2 0 |a predpisy právne 
100 1 |a Boka, P.